Normal view
MARC view
- Umair Bin Muzaffar (00000273892)
Entry Personal Name
001 - CONTROL NUMBER
- control field: 116645
003 - CONTROL NUMBER IDENTIFIER
- control field: NUST
005 - DATE AND TIME OF LATEST TRANSACTION
- control field: 20230912170017.0
008 - FIXED-LENGTH DATA ELEMENTS
- fixed length control field: 230912|| aca||aabn | a|a d
040 ## - CATALOGING SOURCE
- Original cataloging agency: NUST
- Transcribing agency: NUST
100 ## - HEADING--PERSONAL NAME
- Personal name: Umair Bin Muzaffar (00000273892)
670 ## - SOURCE DATA FOUND
- Source citation: Work cat.: (NUST): Umair Bin Muzaffar (00000273892), Smart Charging Strategies for Electric Vehicle Charging Station /, 2021
